000 004410000a22001810004500
003 MACL
005 20151025111726.0
008 151025b xxu||||| |||| 00| 0 eng d
040 _aMACL
_cMACL
041 _aEnglish
082 _a954
100 _aFilliozat, Vasudhara
_916581
245 _aThe Vijayanagar Empire
260 _bNatinoal Book Trust
_c1980
_aNew Delhi
350 _a10.50
650 _aHistory
_916582
942 _cBK
_k954
_2ddc
999 _c6691
_d6691